000 00779nas a2200253 4500
001 BR0100451
003 BR-BrBNA
005 20231205102024.0
007 ta
008 230509b bl.|||p| |||| 00| 00por d
040 _aBR-BrBNA
_bpor
_cBiblioteca Nacional de Agricultura
041 _a(Pt)
072 _aL72
100 1 _aSereno, F.T.P. de S.
245 1 _aPupas de mosca-dos-chifres, Haematobia irritans, em massas fecais de bovinos Nelore no Pantanal
650 _aGado Nelore
650 _aMosca dos Chifres
650 _aPupa
650 _aFezes
650 _aParasitismo
773 0 _tPesquisa Agropecuaria Brasileira (Brazil)
_xISSN 0100-204X
_g(Aug 2000), v. 35(8) p. 1685-1688
_wBR0100451
909 _a202311
_bLúcia
_c55
_dLúcia Elande
942 _2AGRIS
_n0
_cANA
999 _c165301
_d165301